header

Health care costs (Record no. 62327)

MARC details
000 -LEADER
fixed length control field 01398nam a2200361 a 4500
082 04 - DEWEY DECIMAL CLASSIFICATION NUMBER
Classification number 338.4336210973
245 00 - TITLE STATEMENT
Title Health care costs
260 ## - PUBLICATION, DISTRIBUTION, ETC. (IMPRINT)
Place of publication New York :
Name of publisher Nova Science Publishers,
Year of publication 2009.
300 ## - PHYSICAL DESCRIPTION
Number of Pages 92 p. :
Other physical details ill.
490 1# - SERIES STATEMENT
Series statement Health care issues, costs and access
650 #0 - SUBJECT ADDED ENTRY--TOPICAL TERM
Topical Term Medical care, Cost of
Topical Term Health care reform
700 1# - ADDED ENTRY--PERSONAL NAME
Personal name Inhurst, Raymond W.
856 40 - ELECTRONIC LOCATION AND ACCESS
Uniform Resource Identifier http://site.ebrary.com/lib/rucke/Doc?id=10671159

No items available.

© 2026 Rongo University
Contact us: librarian | system librarian | Rongo university